=LDR 00000nam 2200000 4500 =001 INLIS000000000023807 =005 20130612122432 =008 ***********************************Ind** =035 ##$$0010-061300000023807 =041 ##$$a Ind =082 ##$$a 658.52 =090 ##$$a 658.52, Ath t =100 ##$$a Athos, Anthony E =245 ##$$a Seni Manajemen jepang, Anthony E. Athos =260 ##$$a 1989 $b Jakarta =300 ##$$a 235 hlm, ilus6c21 cm =650 ##$$a Manajemen jepang =850 ##$$a NBPNMAT =990 ##$$a 95219521 =990 ##$$a 01201709521 =990 ##$$a 00040201 =990 ##$$a 00040202